| 000 | 00932nam a22002537a 4500 | ||
|---|---|---|---|
| 005 | 20170124102923.0 | ||
| 010 | _aA-698344 | ||
| 020 | _c295.00 | ||
| 035 | _aA-698344 | ||
| 037 | _bCen Lib/Ret | ||
| 040 |
_aDPL _bHN |
||
| 082 |
_a910.4 _bधर्मवी |
||
| 100 |
_aधरमवीर भारती _942424 |
||
| 245 |
_aयात्रा चक्र / _cधरमवीर भारती |
||
| 246 |
_aYatra chakra _bby Dhramveer Bharti |
||
| 260 |
_aनई दिल्ली _bवाणी प्रकाशन _c1994 |
||
| 270 |
_a२१-ए, दरियागंज _bनई दिल्ली _e110002 |
||
| 300 |
_a396 पृ. _c20सेमी(सजिल्द) |
||
| 650 |
_aहिंदी साहित्य _942425 |
||
| 650 |
_aभोगूल _9102 |
||
| 650 |
_aHindi literature _942426 |
||
| 650 |
_aGeography _942427 |
||
| 942 |
_2ddc _cHN _h910.4 _mधर्मवी |
||
| 999 |
_c111363 _d111363 |
||